| 000 | 00946cam a2200325 a 4500 | ||
|---|---|---|---|
| 001 | 6070 | ||
| 003 | FISKH | ||
| 005 | 20250723154104.0 | ||
| 008 | 081121s2009 nyua b 000 1 eng | ||
| 010 | _a 2008049878 | ||
| 020 | _a9780670011476 (hardcover) | ||
| 020 | _a9780545484190 | ||
| 040 |
_aDLC _cDLC _dDLC _beng |
||
| 050 | _aPZ7.C21665 S | ||
| 082 | _a813.6 | ||
| 100 | 1 | _aCarlson, Nancy | |
| 245 | 1 | 0 |
_aStart saving, Henry! / _cNancy Carlson. |
| 260 |
_aNew York : _bScholastic, _c2009. |
||
| 300 |
_a32 pages : _bcolor illustrations ; _c26 cm |
||
| 505 | _aL | ||
| 520 | _aWhen Henry the mouse wants to buy a Super Robot Dude, he discovers how hard it is to save money. | ||
| 521 |
_a520
_bLexile |
||
| 521 |
_aL
_bRaz-Plus |
||
| 650 | 1 |
_aMice _vFiction. |
|
| 650 | 1 |
_aMoney _vFiction. |
|
| 650 | 1 |
_aToys _vFiction. |
|
| 906 |
_a7 _bcbc _corignew _d1 _eecip _f20 _gy-gencatlg |
||
| 942 |
_2ddc _cBK _n0 |
||
| 999 |
_c6070 _d6070 |
||